| 000 | 00701nam a2200241 a 4500 | ||
|---|---|---|---|
| 999 |
_c6649 _d6649 |
||
| 001 | 1389983 | ||
| 003 | OSt | ||
| 005 | 20200220114528.0 | ||
| 008 | 821102s1983 caua 001 0 eng | ||
| 010 | _a 82051234 | ||
| 020 | _a093570213X | ||
| 040 |
_aDLC _cDLC _dDLC |
||
| 050 | 0 | 0 |
_aQD462 _b.M4 1983 |
| 082 | 0 | 0 |
_a541.2 _219 _bMcQ 1983 |
| 100 | 1 |
_aMcQuarrie, Donald A. _98290 |
|
| 245 | 1 | 0 |
_aQuantum chemistry / _cDonald A. McQuarrie. |
| 260 |
_aMill Valley, Calif. : _bUniversity Science Books, _c1983. |
||
| 300 |
_ax, 517 p. : _bill. ; _c24 cm. |
||
| 500 | _aIncludes index. | ||
| 650 | 0 |
_aQuantum chemistry. _93790 |
|
| 906 |
_a7 _bcbc _corignew _d2 _eocip _f19 _gy-gencatlg |
||
| 942 |
_2ddc _cO_SHELF |
||